| 000 | 00855cab a2200241 4500 | ||
|---|---|---|---|
| 001 | ABS49880 | ||
| 008 | 090401t1993 xxu||||| |||| 00| 0 eng d | ||
| 035 | _a(Sirsi) u73164 | ||
| 041 | _aeng | ||
| 245 | _aAlternative land use | ||
| 260 | _c1993 | ||
| 350 | _a0 | ||
| 490 |
_aFarm Development Review _v8(2) December 1993 (8) |
||
| 520 | _aPicks out the main themes of a report on farm holiday accommodation, "Cultivating farm tourism", including market potential, business clients, foreign visitors, improvements and marketing. Other issues covered are TEC funding, school visits and coppice fuel developments. | ||
| 650 | _aBED AND BREAKFAST | ||
| 650 | _aCAMPING BARNS | ||
| 650 | _aMARKETING DEVELOPMENT SCHEME | ||
| 650 | _aSELF-CATERING | ||
| 650 | _aVALUE ADDED TAX | ||
| 690 | _aRURAL PRACTICE | ||
| 942 | _n0 | ||
| 948 | _c04/03/1997 | ||
| 999 |
_c46271 _d46271 |
||